MDQL
is popping MORE tags! Check the
thread
!
Quizzes
Events
Quiz Creation
Community
Videos
Private Events
Remove Ads
Sign In
Join for FREE
Feedback
Dark Mode
Quiz Categories
Sports
Geography
Music
Movies
Television
Just For Fun
Miscellaneous
History
Literature
Language
Science
Gaming
Entertainment
Religion
Holiday
For Kids
Quiz Lab
Recent
Popular Today
Quiz Kudos Today
Editor Picks
Curator Picks
Quizzes by...
Day
Popularity
Type
Ratings
Length
Year
Community
Subscriptions
Recent Discussions
Orange Saloon
Badges
Playlists
Quests
Create
Leaderboards
Showdown
Live 5
Trivia Bingo
Activity
Puzzle Library
Sporcle Events
Private Events
Virtual Trivia
Globe League
Become a Host
Pub Owners
SporcleCon
Opinionation
Our Games
Videos
Blog
Mobile Apps
Partnerships
Remove Ads and Go Orange
Feedback
Movies
Disney
Marvel Cinematic Universe
Movie Resume
Movie Titles
Oscar
Actor
Actress
Director
Pixar
Role
Movie Quotes
Movie Characters
Box Office
Nominee
Best Picture
Star Wars
James Bond
Horror Movies
Movies
Disney
Marvel Cinematic Universe
Movie Resume
Movie Titles
Oscar
Actor
Actress
Director
Pixar
Role
Movie Quotes
Movie Characters
Box Office
Nominee
Best Picture
Star Wars
James Bond
Horror Movies
Random Quiz
Search Sporcle
×
Curator Pick
Curator Pick
Movies
Clickable
Select answers by clicking on text or image buttons
Select answers by clicking on text or image buttons
Clickable
Best Score? Go Orange.
Iconic Fade to Credits Songs Stats
Can you select the movies that feature these songs as the credits begin?
By
El_Dandy
8m
32 Questions
183 Plays
183 Plays
183 Plays
Comments
Comments
Give Quiz Kudos
Give Quiz Kudos
-
- Ratings
hide this ad
Forced Order
Answers have to be entered in order
Answers have to be entered in order
Replay
Link that replays current quiz
Next Quiz
Link to next quiz in quiz playlist
You Got
0%
They Got
Avg Score
46%
Avg Friend Score
Upgrade to see
Score Distribution
Jump to the score distribution portion of the page
Score
0/32
Timer
08:00
0
Plays Today
% Correct
Titanic
96.2%
8 Mile
93.4%
The Breakfast Club
92.3%
Stand by Me
86.9%
The Graduate
78.7%
Iron Man
74.3%
Slumdog Millionaire
64.5%
Donnie Darko
61.2%
The 40 Year Old Virgin
60.7%
Fight Club
58.5%
A League of Their Own
57.9%
Ferris Bueller's Day Off
54.6%
Gangs of New York
53%
There's Something About Mary
51.9%
Once
50.3%
The Matrix
38.3%
% Correct
Magnolia
37.2%
Goodfellas
33.9%
Good Will Hunting
33.9%
The Social Network
30.6%
Drive
30.6%
Garden State
30.1%
Pulp Fiction
29.5%
Groundhog Day
26.8%
Romeo + Juliet
26.2%
Reservoir Dogs
26.2%
Eternal Sunshine of the Spotless Mind
24.6%
High Fidelity
24%
Rushmore
23.5%
Lost In Translation
21.9%
Fear and Loathing in Las Vegas
16.4%
Heat
15.8%
Quiz Playlist
Details
Report
Send in Message
Add To Playlist
Clickable:
Select answers by clicking on text or image buttons
Forced Order:
Answers have to be entered in order
Last Updated: Feb 16, 2017
Curator Pick in
Song
Quiz Scoreboard
CHALLENGE
Sign Up to Join the Scoreboard
Show All
Scores
Hide
Comments
May contain spoilers
Recently Published
5x2 Blitz: Bands
by SL_Kpop136
Music
30s
Colored Red Africa Blitz
by spor1
Geography
30s
Find the 'City' Movie
by crazypaving
Movies
60s
More to Explore
Quiz From the Vault
Featured Blog Post
14 Easter Pick-up Lines to Find Eggs With
hide this ad
You Might Also Like...
Tags
Artist Quiz
Clickable Quiz
Movie Titles Quiz
Song Quiz
soundtrack
Soundtrack Tune
Today's Top Quizzes in Movies
Browse Movies
hide this ad
Today's Top Quizzes in Clickable
Browse Clickable
Top Contributed Quizzes in Movies
1
Pick 5 Posters: Directed by Spielberg
2
7-to-1: Pixar Characters
3
Hidden Star Wars Character II
4
Hidden Star Wars Character III
5
Hidden Star Wars Character IV
6
Pick 5 Posters: Lowest-Rated Spielberg
7
Sorting Actresses
8
Sorting Actors
9
Hidden Star Wars Character V
10
Hidden Star Wars Character VI
Explore More
Trending Topics
Marvel
Kpop
Disney
NBA
Harry Potter
Crossword
Anime
Country
The Office
Puzzle
Soccer
NFL
Song
Pokémon
WWE
hide this ad
More By:
El_Dandy
Quiz
Plays
Rating
Category
Featured
Created
MCU Movie Images (Minefield)
447,024
4.62
Movies
Jul 8, 2019
Click the US Presidents by Picture (Minefield)
316,792
4.67
History
Jun 1, 2020
Pixar Movie Images (Minefield)
275,402
4.68
Movies
Nov 1, 2019
Disney Animated Movie Images (Minefield)
274,712
4.53
Movies
May 8, 2020
Last Six Unique European Football Champions
268,116
4.71
Sports
Oct 17, 2017
Go to Creator's Profile
Score Distribution
Quiz Creator Spotlight
El_Dandy
Follow
Send a Message
Quizzes Created
-
Created Quiz Play Count
-
More By This Creator
Popular Quizzes Today
1
5x2 Blitz: Bands
2
Find the 'City' Movie
3
Find the US States - No Outlines Minefield
4
Colored Red Africa Blitz
5
The Countries of the World
6
Find the US States
7
Risky Map Clicking: Biggest States A-Z
8
9x9 Crossword: Cartoon Network
More Movies Quizzes
50 Actors in 1993 Movie Posters
Quiz Lab
Trending Quizzes
Colored Red Africa Blitz II
Colored Red Europe Blitz I
Find the 'Dark' Movie
Find the 'Day' Movie
Find the 'Good' Movie
Recently Updated
Champions League XIs: Real Madrid
pecheneg
Largest US Cities 1790-2010
pecheneg
Rides in Walt Disney World
pecheneg
Most Oscar Losses (Acting)
pecheneg
Beyoncé Albums
pecheneg
Leaping Animals
pecheneg
Reality TV Shows (A-Z)
bhenderson79
Rickey Henderson's Hall of Fame Teammates
pecheneg
Champions League XIs: Arsenal
pecheneg
Quick Pick: Celebrities in WWE's Hall of Fame
aduchscher
Trending Topics
Crossword
NBA
Marvel
Harry Potter
Anime
Kpop
Disney
WWE
NFL
The Office
Puzzle
Song
Soccer
Pokémon
Country
Your Account Isn't Verified!
In order to create a playlist on Sporcle, you need to verify the email address you used during registration. Go to your
Sporcle Settings
to finish the process.
Report this User
Report this user for behavior that violates our
Community Guidelines
.
Details:
Send Report
Go to the Sporcle.com Mobile Site →
Comments